Vizualizácia bezpečnosti v komunikačných sieťach

Saved in:
Bibliographic Details
Main Author: Zeleňanský, Ondrej (Author)
Other Authors: Trúchly, Peter (Thesis advisor)
Format: Manuscript Book
Language:Slovak
Published: 2015
Subjects:
Online Access:http://is.stuba.sk/zp/portal_zp.pl?podrobnosti=101101
Tags: Add Tag
No Tags, Be the first to tag this record!

MARC

LEADER 00000ntm a22000003a 4500
001 stuzp53654
003 SK-STU
005 20160413161031.2
007 ta
008 150427s2015----xo-----f-mn---000-0-slo-d
040 |a STU  |b slo 
041 0 |a slo 
044 |a xo 
100 1 |a Zeleňanský, Ondrej  |u 070100  |4 aut  |U FIIT Fakulta informatiky a informačných technológií  |T FIIT Ústav počítačových systémov a sietí  |X 56349  |U I100  |Y 178  |7 A000056349 
242 0 1 |a Network security data visualization  |y eng 
245 1 0 |a Vizualizácia bezpečnosti v komunikačných sieťach 
260 |c 2015 
300 |a 96 s.  |e CD-ROM 
650 4 |a bezpečnosť  |2 slo 
650 4 |a vizualizácia  |2 slo 
650 4 |a útok  |2 slo 
650 4 |a security  |2 eng 
650 4 |a visualization  |2 eng 
650 4 |a attack  |2 eng 
700 1 |a Trúchly, Peter  |4 ths  |X 1917  |7 1917 
856 4 |u http://is.stuba.sk/zp/portal_zp.pl?podrobnosti=101101 
996 |b 284ID00019  |c I* DP18/15  |l II680  |s P  |a 0  |w stuzp53654_0001